Statistics for Districts of Kayseri (Kayseri'nin ilçeleri).

Click here to take the quiz!

General Stats

  • This quiz has been taken 31 times
  • The average score is 10 of 16

Answer Stats

Populatin (Nüfus)District (İlçe)% Correct
594.344Melikgazi
74%
21.240Pınarbaşı
74%
9.282Sarız
74%
169.214Talas
74%
66.840Develi
70%
29.120İncesu
70%
409.005Kocasinan
70%
21.100Tomarza
70%
12.465Hacılar
65%
3.819Özvatan
61%
35.481Yahyalı
61%
29.704Bünyan
57%
5.419Felahiye
52%
13.396Sarıoğlan
52%
15.531Yeşilhisar
52%
5.563Akkışla
48%

Score Distribution

Percentile by Number Answered

Percent of People with Each Score

Your Score History

You have not taken this quiz